Great Literature #55 - Statistics

General Stats
  • This quiz has been taken 31 times
  • The average score is 5 of 20
Answer Stats
Hint Explanation Answer % Correct
various anonymous authors beginning c. 800 BCE (उपनिषद्) The Upanishads
75%
P. G. Wodehouse 1923 The Inimitable Jeeves
58%
Jean-Jacques Rousseau 1762 (Émile, ou De l’éducation) Émile
54%
Mikhail Saltykov-Shchedrin 1880 (Господа Головлёвы) The Golovlyov Family
54%
William S. Burroughs 1953 Junkie
46%
Olaudah Equiano 1789 The Interesting Narrative of the Life of _____ _____
46%
Prosper Mérimée 1845 Carmen
29%
Sheridan Le Fanu 1872 In a Glass Darkly
25%
Denis Diderot 1792 (La Religieuse) Memoirs of a Nun
25%
Henry James 1897 What Maisie Knew
21%
Robert W. Chambers 1895 The King in Yellow
17%
Patrick White 1955 The Tree of Man
17%
Mervyn Peake 1959 Titus Alone
17%
Nikolai Leskov 1872 (Соборяне) The Cathedral Folk
13%
Romain Gary 1956 (Les Racines du ciel) The Roots of Heaven
13%
Noel Streatfeild 1936 Ballet Shoes
8%
Michel Butor 1957 (La Modification) Second Thoughts
8%
Arthur Machen 1906 The House of Souls
8%
Isaac Babel 1925 (История моей голубятни) The Story of My Dovecote
4%
E. F. Benson 1974 The Horror-Horn
0%
No matching quizzes found
Score Distribution
Percent of People with Each Score
Percentile by Number Answered
Your Score History
You have not taken this quiz